The indian media economy / (Record no. 151864)
[ view plain ]
| 000 -LEADER | |
|---|---|
| fixed length control field | 00938nam a22002417a 4500 |
| 005 - DATE AND TIME OF LATEST TRANSACTION | |
| control field | 20180703170942.0 |
| 010 ## - LCCN (DPL NO) | |
| LC control number | ENG-122875-76 |
| 020 ## - INTERNATIONAL STANDARD BOOK NUMBER | |
| International Standard Book Number | 9780199482634 |
| Terms of availability | 2495.00 (2 vol. set) |
| 020 ## - INTERNATIONAL STANDARD BOOK NUMBER | |
| International Standard Book Number | 9780199482641 |
| Terms of availability | 2495.00 (2 vol. set) |
| 035 ## - SYSTEM CONTROL NUMBER | |
| System control number | EN-106407-08 |
| 037 ## - SOURCE OF ACQUISITION | |
| Source of stock number/acquisition | DBAD/PUB |
| 082 ## - DEWEY DECIMAL CLASSIFICATION NUMBER | |
| Classification number | 338.4730223 |
| 245 ## - TITLE STATEMENT | |
| Title | The indian media economy / |
| Statement of responsibility, etc | ed. by Adrian Athique; Vibodh Parthasarathi [and] S.V. Srinivas |
| 260 ## - PUBLICATION, DISTRIBUTION, ETC. (IMPRINT) | |
| Date of publication, distribution, etc | 2018 |
| Place of publication, distribution, etc | New Delhi |
| Name of publisher, distributor, etc | Oxford University |
| 270 ## - ADDRESS | |
| Address | 2/11 Ground Floor,Ansari Road,Daryaganj, |
| City | New Delhi |
| Postal code | 110002 |
| 300 ## - PHYSICAL DESCRIPTION | |
| Dimensions | 22cm(pbk) |
| Extent | vol. 2 (xiii, 273p.; xiii, 281p.) |
| 500 ## - GENERAL NOTE | |
| General note | It include bibliography and index |
| 505 ## - FORMATTED CONTENTS NOTE | |
| Formatted contents note | Vol. 1, Industrial dynamics and cultural adaptation.<br/>Vol. II, Market dynamics and social transactions. |
| 700 ## - ADDED ENTRY--PERSONAL NAME | |
| Personal name | Athique, Adrian |
| 700 ## - ADDED ENTRY--PERSONAL NAME | |
| Personal name | Parthasarathi, Vibodh |
| 700 ## - ADDED ENTRY--PERSONAL NAME | |
| Personal name | Srinivas, S.V. |
| 942 ## - ADDED ENTRY ELEMENTS (KOHA) | |
| Item type | English Books |
| Source of classification or shelving scheme | Dewey Decimal Classification |
| Call number suffix | THE |
| Classification part | 338.4730223 |
| Withdrawn status | Lost status | Not for loan | Collection code | Home library | Current library | Date acquired | Source of acquisition | Cost, normal purchase price | Full call number | Barcode | Copy number | Cost, replacement price | Koha item type |
|---|---|---|---|---|---|---|---|---|---|---|---|---|---|
| Not For Loan | Non-fiction | D.B.Act.Division | Patel Nagar | 03/05/2018 | DBAD/PUB | 2495.00 | 338.4730223 THE | EN-106407 | 1 | 2495.00 | English Books | ||
| Not For Loan | Non-fiction | D.B.Act.Division | Patel Nagar | 03/05/2018 | DBAD/PUB | 2495.00 | 338.4730223 THE | EN-106408 | 1 | 2495.00 | English Books |
